<?xml version="1.0" encoding="UTF-8"?><marc:collection xmlns:marc="http://www.loc.gov/MARC21/slim">
  <marc:record>
    <marc:leader>00000nam##2200000za#4500</marc:leader>
    <marc:controlfield tag="001">9.679796</marc:controlfield>
    <marc:controlfield tag="003">CaOODSP</marc:controlfield>
    <marc:controlfield tag="005">20200330062212</marc:controlfield>
    <marc:controlfield tag="007">ta</marc:controlfield>
    <marc:controlfield tag="008">150407|1995||||xxc|||||     f|0| 0 fre|d</marc:controlfield>
    <marc:datafield tag="020" ind1=" " ind2=" ">
      <marc:subfield code="a">0-662-81243-3</marc:subfield>
    </marc:datafield>
    <marc:datafield tag="040" ind1=" " ind2=" ">
      <marc:subfield code="a">CaOODSP</marc:subfield>
      <marc:subfield code="b">fre</marc:subfield>
    </marc:datafield>
    <marc:datafield tag="043" ind1=" " ind2=" ">
      <marc:subfield code="a">n-cn---</marc:subfield>
    </marc:datafield>
    <marc:datafield tag="086" ind1="1" ind2=" ">
      <marc:subfield code="a">BT49-4/15-1995F</marc:subfield>
    </marc:datafield>
    <marc:datafield tag="110" ind1="1" ind2=" ">
      <marc:subfield code="a">Canada. </marc:subfield>
      <marc:subfield code="b">Conseil du trésor.</marc:subfield>
    </marc:datafield>
    <marc:datafield tag="245" ind1="1" ind2="0">
      <marc:subfield code="a">Regard sur l'avenir : </marc:subfield>
      <marc:subfield code="b">surmonter les obstacles en matière de culture et d'attitudes rencontrés par les femmes dans la fonction publique / </marc:subfield>
      <marc:subfield code="c">Préparé par le Groupe consultatif sur l'équité dans l'emploi des femmes. </marc:subfield>
    </marc:datafield>
    <marc:datafield tag="260" ind1=" " ind2=" ">
      <marc:subfield code="a">Ottawa - Ontario : </marc:subfield>
      <marc:subfield code="b">Secrétariat du Conseil du Trésor du Canada </marc:subfield>
      <marc:subfield code="c">1995.</marc:subfield>
    </marc:datafield>
    <marc:datafield tag="300" ind1=" " ind2=" ">
      <marc:subfield code="a">xi, 162p. : </marc:subfield>
      <marc:subfield code="b">références, tableaux ; </marc:subfield>
      <marc:subfield code="c">28 cm.</marc:subfield>
    </marc:datafield>
    <marc:datafield tag="500" ind1=" " ind2=" ">
      <marc:subfield code="a">«En 1990, dans son rapport intitulé Au-delà des apparences, le Groupe de travail sur les obstacles rencontrés par les femmes dans la fonction publique concluait que les obstacles dans la culture et dans les attitudes empêchent la participation équitable et entière des femmes. Elle conclut également que la direction doit effectuer et gérer les changements nécessaires et donner l'exemple. Le Groupe consultatif sur l'équité en emploi des femmes a étudié les changements survenus dans la situation des femmes depuis que le Groupe de travail a présenté ses recommandations. Il a aussi cherché à savoir si la culture et les attitudes prévalantes dans la fonction publique favorisent l'égalité entre les femmes et les hommes.»--Sommaire. N.B.: Le numéro de catalogue (BT49-4/15-1995) et le numéro ISBN (0-662-62-112-3) imprimés dans cette publication sont incorrects.</marc:subfield>
    </marc:datafield>
    <marc:datafield tag="520" ind1="3" ind2=" ">
      <marc:subfield code="a">En 1990, dans son rapport intitulé Au-delà des apparences, le Groupe de travail sur les obstacles rencontrés par les femmes dans la fonction publique concluait que les obstacles dans la culture et dans les attitudes empêchent la participation équitable et entière des femmes. Elle conclut également que la direction doit effectuer et gérer les changements nécessaires et donner l'exemple. Le Groupe consultatif sur l'équité en emploi des femmes a étudié les changements survenus dans la situation des femmes depuis que le Groupe de travail a présenté ses recommandations. Il a aussi cherché à savoir si la culture et les attitudes prévalantes dans la fonction publique favorisent l'égalité entre les femmes et les hommes.--Sommaire</marc:subfield>
    </marc:datafield>
    <marc:datafield tag="563" ind1=" " ind2=" ">
      <marc:subfield code="a">Couverture souple</marc:subfield>
    </marc:datafield>
    <marc:datafield tag="590" ind1=" " ind2=" ">
      <marc:subfield code="a">96-19</marc:subfield>
      <marc:subfield code="b">1996-05-10</marc:subfield>
    </marc:datafield>
    <marc:datafield tag="691" ind1="0" ind2="7">
      <marc:subfield code="a">Fonction publique</marc:subfield>
      <marc:subfield code="2">gcpds</marc:subfield>
    </marc:datafield>
    <marc:datafield tag="691" ind1="0" ind2="7">
      <marc:subfield code="a">Femme</marc:subfield>
      <marc:subfield code="2">gcpds</marc:subfield>
    </marc:datafield>
    <marc:datafield tag="775" ind1="0" ind2="8">
      <marc:subfield code="t">Looking to the future : </marc:subfield>
      <marc:subfield code="w">(CaOODSP)9.646055</marc:subfield>
    </marc:datafield>
  </marc:record>
</marc:collection>
